000 01197nam a2200325 a 4500
001 ebr10076727
003 CaPaEBR
006 m u
007 cr cn|||||||||
008 020306s2001 enka sb 001 0 eng d
015 _aGBA1-Y3566
020 _z9781412932202
020 _z0761969055
020 _z0761969063 (PBK.)
040 _aCaPaEBR
_cCaPaEBR
035 _a(OCoLC)70773911
050 1 4 _aHF5381
_b.C27 2001eb
082 0 4 _a331.7/02
_221
245 0 0 _aCareers guidance in context
_h[electronic resource] /
_cBill Gothard ... [et al.].
260 _aLondon ;
_aThousand Oaks, Calif. :
_bSAGE,
_c2001.
300 _a154 p. :
_bill.
504 _aIncludes bibliographical references ([p. 139]-150) and index.
533 _aElectronic reproduction.
_bPalo Alto, Calif. :
_cebrary,
_d2013.
_nAvailable via World Wide Web.
_nAccess may be limited to ebrary affiliated libraries.
650 0 _aOccupations.
650 0 _aVocational guidance.
655 7 _aElectronic books.
_2local
700 1 _aGothard, W. P.
710 2 _aebrary, Inc.
856 4 0 _uhttp://site.ebrary.com/lib/rucke/Doc?id=10076727
_zAn electronic book accessible through the World Wide Web; click to view
999 _c72961
_d72961